[Event "Hokkaido.Ch2022"]
[Site "?"]
[Date "2022.03.27"]
[Round "5.2"]
[White "Kojima, Natsumi"]
[Black "Takeuchi, Hiroshi"]
[Result "1-0"]
[WhiteElo "1677"]
[BlackElo "1371"]
[Annotator "Fritz 11 SE (30s)"]
[PlyCount "87"]
[SourceVersionDate "2022.03.28"]

{[%mdl 8256] A43: Schmid Benoni} 1. e4 d6 2. d4 Nf6 3. Nc3 g6 4. f4 Bg7 5. Nf3
O-O 6. Bd3 c5 7. d5 Qc7 {Black has a cramped position} (7... Qb6 8. Nd2 Bg4 9.
Be2 Bxe2 10. Qxe2 Nbd7 11. O-O Qa6 12. Qxa6 bxa6 13. Nc4 Rab8 14. Re1 Nb6 15.
Na5 Rfe8 16. Bd2 e6 17. dxe6 Rxe6 18. f5 Ree8 19. Bf4 Ng4 20. Bxd6 Rbd8 21. Bf4
g5 22. Bxg5 {Acs,P (2606)-Ivanchuk,V (2710) Rethymnon 2003 1/2-1/2 (63)}) (7...
Na6 8. a3 Nc7 9. O-O Rb8 10. Qe1 b5 11. Bd2 a6 12. Rb1 Re8 13. Qh4 c4 14. Be2
e6 15. dxe6 Nxe6 16. Be3 Nf8 17. Nd2 d5 18. e5 d4 19. Nf3 dxe3 20. exf6 Bxf6
21. Qg3 Bxc3 22. bxc3 {Horvath,K (2173)-Kadlicsko,J (2172) Hungary 2005 0-1 
(38)}) 8. Qe2 $146 (8. Nb5 Qa5+ 9. Bd2 Qb6 10. c4 Nh5 11. Qc2 Bg4 12. O-O Na6
13. a3 Nc7 14. Nc3 Bxf3 15. Rxf3 Bd4+ 16. Kh1 Ne8 17. g4 Nhf6 18. Rg3 a6 19.
Rf1 Nd7 20. Bc1 Qd8 21. Rh3 Nc7 22. Qg2 Re8 {Erenska Barlo,H (2200)-Erneste,I 
(2300) Warsaw 1994 1-0 (34)}) 8... Nbd7 {Black has a cramped position. Black's
piece can't move: c8} 9. O-O a6 {Secures b5} 10. a4 b6 (10... Nh5 11. a5 $14)
11. Bd2 Bb7 12. Kh1 Kh8 13. Rae1 Kg8 14. b3 (14. Bc4 b5 15. axb5 axb5 16. Bxb5
Nb6 $16) 14... Rfe8 15. Nd1 (15. Bc4 e6 16. dxe6 fxe6 $16) 15... Rf8 (15... e6
$5 16. dxe6 Rxe6 $11 (16... fxe6 $143 17. Ng5 $14)) 16. Ne3 $14 Qb8 17. Qf2 Bc8
(17... h6 $5 $16) 18. e5 $1 {surprise!} dxe5 19. fxe5 Nxe5 20. Nxe5 Qxe5 21.
Nc4 (21. Nf5 Bxf5 22. Rxe5 Bxd3 23. Rxe7 Bxf1 $16) 21... Qc7 (21... Qxd5 $2 {
is nothing because of} 22. Nxb6 Qc6 23. Nxa8 $18) 22. Bf4 {White threatens to
win material: Bf4xc7} Qa7 {Black has a cramped position} 23. d6 {White
threatens to win material: d6xe7} e6 {White has a new passed pawn: d6. Black
has a new protected passed pawn: e6. Black has a cramped position} 24. Bg5 {
White threatens to win material: Bg5xf6} Nd7 {Blocks the pawn on d6} (24... Nd5
$5 $14 {is an interesting idea}) 25. Be7 $16 Bd4 26. Qf3 Bb7 27. Be4 (27. Qh3
Bg7 $16) 27... Bxe4 28. Rxe4 b5 29. Bxf8 (29. Nd2 Qb6 $16) 29... Rxf8 $14 30.
axb5 (30. Na3 $5 Bb2 31. axb5 Bxa3 32. Ra4 $14) 30... axb5 $11 31. Ne3 Qa6 32.
Ng4 $2 (32. Qg3 $142 $5 $11 {would allow White to play on}) 32... Qxd6 $17 33.
Nh6+ Kg7 34. Nxf7 (34. Rh4 f5 $17) 34... Qe7 35. Rf4 Nf6 (35... Bf6 $142 $5 36.
Rxf6 Nxf6 $17 (36... Qxf6 $6 37. Qxf6+ Nxf6 38. Nd6 $15)) 36. Ng5 $11 h6 37.
Ne4 g5 {Black threatens to win material: g5xf4} (37... Be5 $5 38. Nxf6 Bxf4 39.
Qxf4 Rxf6 $11) 38. Nxf6 $11 gxf4 39. Nh5+ {White forks: f4} Kf7 40. Nxf4 Ke8 $4
{the final mistake, not that it matters anymore} (40... Bg7 41. Nd5+ Ke8 42.
Nxe7 Rxf3 43. Rxf3 Kxe7 $18) 41. Qa8+ (41. Qc6+ $142 {and White can already
relax} Qd7 42. Qa8+ Qd8 43. Qxd8+ Kxd8 44. Nxe6+ Ke7 45. Nxf8 Bg7 46. Ng6+ Ke6
$18) 41... Kf7 (41... Kd7 {doesn't change anything anymore} 42. Qa7+ Kd6 43.
Qb6+ Kd7 44. Qb7+ Kd6 45. Qxe7+ Kxe7 46. Ng6+ Kd6 47. Rxf8 h5 $18) 42. Qf3 {
Twofold repetition} (42. Nxe6+ $142 {and White can celebrate victory} Bf6 43.
Nxf8 $18) 42... Qd6 $4 {not a good decision, because now the opponent is right
back in the game} (42... Ke8 43. Qc6+ Qd7 44. Qa8+ Qd8 45. Qxd8+ Kxd8 46. Nxe6+
Ke7 47. Nxf8 $18) 43. Qh5+ {White forks: h6} (43. Nxe6+ $142 {secures the point
} Kxe6 44. Qxf8 Qxf8 45. Rxf8 $18) 43... Ke7 $4 (43... Kg8 $142 {saving the
game} 44. Qg4+ Bg7 $11) 44. Ng6+ $18 (44. Ng6+ Kd7 45. Nxf8+ Kc7 46. b4 $18)
1-0

[Event "Hokkaido.Ch2022"]
[Site "?"]
[Date "2022.03.27"]
[Round "5.3"]
[White "Shimomura, Kensei"]
[Black "Okuno, Rion"]
[Result "0-1"]
[WhiteElo "1240"]
[BlackElo "1167"]
[Annotator "Fritz 11 SE (30s)"]
[PlyCount "94"]
[SourceVersionDate "2022.03.28"]

{[%mdl 8192] B90: Sicilian Najdorf: Unusual White 6th moves, 6 Be3 Ng4 and 6
Be3 e5} 1. e4 c5 2. Nc3 d6 3. d4 cxd4 4. Qxd4 Nf6 (4... Nc6 5. Bb5 Bd7 6. Bxc6
Bxc6 7. Bg5 h6 8. Bh4 e5 9. Qe3 Qxh4 10. Nge2 Qd8 11. O-O-O Nf6 12. f4 Qb6 13.
Qf3 Be7 14. g4 exf4 15. Nxf4 O-O-O 16. Rhe1 Kb8 17. Re3 Qc5 18. Ncd5 Bxd5 19.
exd5 {Muzychuk,A (2566)-Ushenina,A (2501) Beijing 2013 0-1 (48)}) (4... a6 5.
Be3 Nf6 6. O-O-O Nc6 7. Qb6 Qxb6 8. Bxb6 g6 9. Nd5 Nxd5 10. exd5 Ne5 11. Ne2
Bh6+ 12. Kb1 Bf5 13. Ng3 Bd7 14. Be2 Bb5 15. Rhe1 Kd7 16. Bd4 f6 17. Bxe5 Bxe2
18. Bxf6 exf6 19. Nxe2 {Asadli,V (2287)-Gupta,A (2625) Nakhchivan 2015 1/2-1/2
(48)}) 5. Qd1 $146 (5. Bg5 Nfd7 6. O-O-O Nc6 7. Qd2 h6 8. Be3 g6 9. h4 Bg7 10.
f4 Nf6 11. Be2 Ng4 12. Bxg4 Bxg4 13. Nf3 Qa5 14. Kb1 Bxc3 15. bxc3 Be6 16. c4
Bxc4 17. c3 O-O-O 18. g4 e5 19. Qc2 exf4 {Bednar,J (2362)-Demeter,P (2297)
Bratislava 2004 1-0 (47)}) 5... a6 {Black has a cramped position. Black's
piece can't move: f8} 6. Bd3 e5 7. Nf3 {Black is behind in developement} Be7 8.
O-O O-O 9. Re1 h6 {Prevents intrusion on g5} 10. h3 {Secures g4} Be6 11. Bd2
Nbd7 12. Be3 b5 13. a3 {Black has a cramped position} Qc7 (13... Rc8 14. a4 b4
15. Ne2 $15) 14. Be2 {White has an active position} (14. Nh4 $5 $11 {is worth
looking at}) 14... Rfd8 15. Nd5 Bxd5 16. exd5 Nb6 17. Bxb6 Qxb6 18. b3 $2 (18.
Nd2 $142 $15 {and White hangs on}) 18... Ne4 $19 19. Rf1 Nc3 (19... Bf6 20. Nh2
Nc3 21. Qe1 $19) 20. Qd3 (20. Qe1 Qc5 21. b4 $19) 20... e4 $4 {Black threatens
to win material: e4xd3. Black forks: d3+f3. weakening the position} (20... Rac8
$142 {and the scales tip in favour of Black} 21. Nd2 f5 $19) 21. Qxc3 $15 {
White wins a piece} Bf6 22. Qe3 Qxe3 23. fxe3 exf3 24. Rae1 $4 (24. gxf3 $142 {
this is the best bet to save the position} Bxa1 25. Rxa1 $15) 24... fxe2 $19
25. Rxe2 Re8 (25... Rac8 {keeps an even firmer grip} 26. Kf2 $19) 26. Rf3 (26.
Kf2 {doesn't get the cat off the tree} Rac8 $19) 26... Re4 27. Rf4 Rae8 (27...
Re5 {might be the shorter path} 28. e4 $19) 28. Rxe4 Rxe4 29. Kf2 Bb2 30. c4 (
30. Kf3 {a fruitless try to alter the course of the game} f5 $19) 30... Bxa3
31. Kf3 Re8 32. Rc2 (32. cxb5 {does not save the day} axb5 33. Rd2 f5 $19)
32... bxc4 (32... Bc5 {and Black can already relax} 33. e4 bxc4 34. Rxc4 $19)
33. bxc4 (33. Rxc4 {is not much help} Bc5 34. e4 Rb8 $19) 33... Bc5 34. e4 f6
35. Ra2 Ra8 36. Kf4 Kf7 37. Kf5 (37. Ra5 {is no salvation} Kg6 $19) 37... g6+ (
37... a5 $5 {might be the shorter path} 38. Ra4 Rb8 39. Rxa5 g6+ 40. Kf4 $19)
38. Kf4 a5 39. h4 (39. Kf3 {does not help much} a4 40. Ke2 a3 $19) 39... Bb4 (
39... a4 $142 $5 {makes it even easier for Black} 40. Kf3 a3 41. Ke2 $19) 40.
g4 (40. Ke3 {hardly improves anything} a4 $19) 40... Rc8 41. g5 (41. h5 {
a fruitless try to alter the course of the game} Rxc4 42. Kf3 Rc3+ 43. Ke2 Rg3
$19) 41... hxg5+ 42. hxg5 fxg5+ 43. Kxg5 (43. Ke3 {is no salvation} Rxc4 44.
Kd3 Rc3+ 45. Kd4 Rg3 $19) 43... Rxc4 44. Rf2+ Kg7 45. e5 (45. Kf4 $19 {
desperation}) 45... dxe5 46. Rf6 (46. d6 {doesn't get the cat off the tree} a4
47. Rh2 Bxd6 48. Rh7+ Kxh7 49. Kf6 a3 50. Ke6 Rd4 51. Kd7 a2 52. Kc6 a1=Q 53.
Kb7 Qa4 54. Kc8 Rb4 55. Kd8 Rb8#) 46... Be7 47. d6 Bxf6# 0-1

[Event "Hokkaido.Ch2022"]
[Site "?"]
[Date "2022.03.27"]
[Round "5.4"]
[White "Akai, Kiyotaka"]
[Black "Pradipta, Davi Ernest"]
[Result "1-0"]
[WhiteElo "1786"]
[BlackElo "1648"]
[Annotator "Fritz 11 SE (30s)"]
[PlyCount "65"]
[SourceVersionDate "2022.03.28"]

{[%mdl 8192] D70: Gr・feld: Unusual White 3rd moves (met by ...d5)} 1. d4 d5 2.
c4 Nf6 3. cxd5 Nxd5 4. e4 Nb6 5. Nc3 g6 6. Nf3 Bg7 7. h3 O-O 8. Be2 Nc6 {
[%cal Rc6d4,Rd8d4,Rg7d4,Gd1d4,Gf3d4] d4 seems the pivot of the position} 9. O-O
(9. Be3 f5 10. exf5 Bxf5 11. Qb3+ Kh8 12. d5 Ne5 13. Nd4 c6 14. Rd1 cxd5 15.
Nxf5 Rxf5 16. Nxd5 Nxd5 17. Rxd5 Qc7 18. O-O Nc6 19. Rfd1 Rxd5 20. Rxd5 Rf8 21.
Bg4 Be5 22. Bf3 Bf4 23. Qc3+ Kg8 {Andersson,U (2635)-Kortschnoj,V (2655)
Clermont Ferrand 1989 1-0 (40)}) 9... Re8 10. Be3 e5 $146 (10... Na5 11. b3 c5
12. dxc5 Bxc3 13. Rc1 Bb2 14. Rc2 Na4 15. bxa4 Bg7 16. Nd4 Nc6 17. Nxc6 bxc6
18. Bc4 Qa5 19. Qf3 e6 20. Bb3 Rd8 21. Bg5 Rd4 22. Be7 Ba6 23. Rd1 Qb4 24. Rxd4
Qxd4 25. Rc1 {Vukanovic,S (2348)-Zvan,Z (2162) Ljubljana 2003 1/2-1/2 (33)}) (
10... Bd7 $5 $16) 11. d5 Nb8 12. Rc1 N6d7 (12... c6 13. Qb3 cxd5 14. exd5 $16)
13. Qb3 (13. Nb5 Na6 14. Nxa7 Rxa7 15. Bxa7 b6 $18) 13... Nf6 (13... Na6 14.
Rfd1 Nf6 15. Ng5 $18) 14. Rfd1 (14. Bc4 Re7 $18) 14... b6 (14... a6 15. Ng5 Qe7
16. Bc4 $16) 15. Bg5 (15. Nb5 Ba6 $18) 15... a6 (15... Nbd7 16. Nb5 Nc5 17. Qa3
$18) 16. Nd2 (16. d6 cxd6 17. Bxf6 Bxf6 $16) 16... b5 (16... Nbd7 $5 $16) 17.
a4 $18 b4 (17... h6 18. Be3 c6 19. Nf3 $18) 18. Qxb4 Qd6 $6 {hardly fazing for
the opponent} (18... Nbd7 19. Qa5 $18) 19. Qb3 (19. Qxd6 {seems even better}
cxd6 20. Nc4 Rd8 $18) 19... c5 (19... Qb6 20. Qxb6 cxb6 21. Nc4 $18) 20. Nc4
Qc7 (20... Qd8 {does not win a prize} 21. Nb6 Ra7 22. a5 $18) 21. Bxf6 Bxf6 22.
Qb6 (22. d6 $142 $5 {makes it even easier for White} Qd8 23. Nb6 Ra7 $18) 22...
Bd8 (22... Qxb6 23. Nxb6 Ra7 24. d6 $18) 23. Qxc7 Bxc7 24. Bg4 (24. d6 $5 {
seems even better} Bd8 $18) 24... Bxg4 25. hxg4 Nd7 26. d6 Bd8 27. Nd5 Nf6 $2 (
27... Ra7 $18) 28. Nxf6+ Bxf6 29. Nb6 Ra7 (29... Rad8 {cannot change what is
in store for White} 30. Rxc5 Kg7 31. d7 $18) 30. Rxc5 Rb7 31. a5 Bd8 (31... Rd8
{doesn't improve anything} 32. Rdd5 Rbb8 33. Rc7 $18) 32. d7 Re7 (32... Rf8 $18
{no good, but what else?}) 33. Rc8 (33. Rc8 Kg7 34. Rxd8 Rbxd7 35. R1xd7 $18)
1-0

[Event "Hokkaido.Ch2022"]
[Site "?"]
[Date "2022.03.27"]
[Round "5.5"]
[White "Nishimori, Toshiyuki	"]
[Black "Yoshii, Yukihiko"]
[Result "1/2-1/2"]
[WhiteElo "1675"]
[BlackElo "1724"]
[Annotator "Fritz 11 SE (30s)"]
[PlyCount "106"]
[SourceVersionDate "2022.03.28"]

{[%mdl 8192] C59: Two Knights: 4 Ng5 d5 5 exd5 Na5 5 Bb5+ c6 6 dxc6 bxc6 7 Be2
} 1. e4 e5 2. Nf3 Nc6 3. Bc4 Nf6 4. Ng5 d5 5. exd5 Na5 6. Bb5+ c6 7. dxc6 bxc6
8. Be2 h6 9. Nf3 Bd6 (9... g5 10. d3 Rb8 11. Ng1 Bc5 12. Nc3 Qb6 13. Na4 Bxf2+
14. Kf1 Qd8 15. Kxf2 Qd4+ 16. Ke1 Qxa4 17. c4 Qxd1+ 18. Kxd1 c5 19. Be3 Rxb2
20. Bxc5 Nc6 21. Kc1 Rb7 22. Nf3 Bg4 23. Re1 Kd7 24. Bd1 {Simacek,P (2489)
-Bernasek,J (2443) Brno 2009 1-0 (62)}) 10. d3 Qc7 $146 (10... O-O 11. O-O Nd7
(11... Nd5 12. c4 Ne7 13. a3 c5 14. Nc3 f5 15. Nb5 Nac6 16. Nxd6 Qxd6 17. b4
cxb4 18. axb4 Nxb4 19. Ba3 Nec6 20. Re1 Bd7 21. Bf1 Rab8 22. h3 a5 23. Qb3 Kh8
24. Qc3 Rfe8 25. Bb2 Nd4 26. Nxd4 {Alarcon Casellas,R (2404)-Trepat Herranz,J 
(2342) Santa Coloma 2015 1-0 (41)}) (11... Re8 12. Nc3 Nd5 13. Ne4 Bc7 14. c4
Ne7 15. Nc5 Nb7 16. Na6 Nd6 17. c5 Bb8 18. cxd6 Bxd6 19. Nc5 Bxc5 20. Nxe5 Bd4
21. Nc4 Nd5 22. Bg4 Bd7 23. Bf5 Be6 24. Be4 Bg4 25. Bf5 Bf3 26. Be4 {Winants,L
(2497)-Dutreeuw,M (2390) Charleroi 2001 1/2-1/2 (32)}) 12. Re1 f5 13. Bf1 Qc7
14. Bd2 Ba6 15. b4 Nb7 16. c4 Nd8 17. c5 Be7 18. Bc3 Nf7 19. Qb3 Bf6 20. d4
Bxf1 21. dxe5 Ndxe5 22. Nxe5 Ba6 23. Nxf7 Rxf7 24. Bxf6 gxf6 25. Nc3 {Shetty,R
(2390)-Babu,N (2445) Kasaragod 1996 1-0 (33)}) 11. Be3 Be6 12. O-O O-O 13. Nbd2
Rac8 14. Re1 (14. Nb3 Nb7 $14) 14... c5 (14... Nd5 15. Ne4 Nxe3 16. fxe3 $11)
15. c4 {White has a new backward pawn: d3. White has a cramped position} (15.
Ne4 Nxe4 16. dxe4 Rfd8 $14) 15... Rfd8 16. Qc2 {Black has a very active
position} Nc6 17. g3 Nd4 18. Bxd4 exd4 {Black has the pair of bishops.} (18...
cxd4 19. Bf1 $11) 19. Bf1 Qd7 20. Bg2 {Black has an active position} Bh3 (20...
Qc7 21. Ne4 Nxe4 22. Rxe4 $14) 21. Bh1 (21. Ne4 $5 $16) 21... Re8 22. Rxe8+
Rxe8 23. Re1 Rxe1+ 24. Nxe1 Qe6 {Black has a mate threat} 25. Qd1 Ng4 (25...
Bf5 26. b4 $11) 26. Ne4 Be7 27. Qa4 {White threatens to win material: Qa4xa7}
Bf8 28. Qa5 {[%cal Ra5c5,Re4c5,Gf8c5] Attacks the pawn on c5} (28. Bg2 Bxg2 29.
Nxg2 $14 (29. Kxg2 $143 f5 30. h3 fxe4 31. hxg4 exd3 $15)) 28... f5 $4 (28...
Qe7 $142 29. f3 Ne3 $11) 29. f3 (29. Ng5 $142 $1 {and White wins} Qe2 30. Nxh3
$18) 29... fxe4 $17 30. fxg4 Qf6 31. Bg2 (31. Ng2 $142 g5 32. dxe4 $17) 31...
Bxg4 (31... e3 $142 32. Bd5+ Kh8 $17) 32. Bxe4 $11 Be2 33. Bd5+ Kh8 34. Bg2 Qg5
35. Be4 (35. Qxa7 $4 {taking the pawn is naive} Qe3+ 36. Kh1 Qd2 $19) 35...
Qe3+ 36. Kg2 Bg4 37. b3 Qe2+ 38. Kg1 Bh3 39. Bg2 (39. Ng2 Bxg2 40. Bxg2 Qe3+
41. Kf1 Qxd3+ 42. Kg1 Qe3+ 43. Kf1 Qd3+ 44. Kg1 Qe3+ 45. Kf1 Qd3+ $11) 39...
Bxg2 {Black has a mate threat} (39... Qe3+ 40. Kf1 Bxg2+ 41. Kxg2 Qe2+ 42. Kg1
$11) 40. Nxg2 $11 Qxd3 41. Qd8 (41. Qxa7 Qd1+ 42. Kf2 Qc2+ 43. Kf1 Kh7 $11)
41... Qd1+ (41... Qb1+ $142 42. Kf2 Qxa2+ 43. Ke1 Qa1+ (43... Qxg2 $6 44. Qxf8+
Kh7 45. Qf5+ Kg8 46. Qc8+ Kf7 47. Qf5+ Kg8 48. Qc8+ Kf7 49. Qf5+ Kg8 $11) 44.
Kf2 Qb2+ 45. Kf1 Qb1+ 46. Ne1 Kg8 47. Qd5+ Kh7 $17) 42. Kf2 $11 Qd2+ 43. Kf3
Qd3+ 44. Kg4 Qe4+ {Black forks: g2} (44... Qe2+ 45. Kh3 Qf1 $17) 45. Nf4 $14
Kg8 46. Qd5+ Qxd5 47. Nxd5 {A minor pieces endgame occured. 'the knight is the
knight!'} (47. cxd5 Kf7 $14) 47... Bd6 $11 48. Kf3 Kf7 49. h3 g6 50. g4 g5 51.
a4 {White has a new backward pawn: b3} Ke6 52. Ke4 a5 53. Nb6 Bf4 1/2-1/2

[Event "Hokkaido.Ch2022"]
[Site "?"]
[Date "2022.03.27"]
[Round "5.6"]
[White "Nakamura, Mitsuru"]
[Black "Kawamura, Takuto"]
[Result "0-1"]
[WhiteElo "1406"]
[BlackElo "1462"]
[Annotator "Fritz 11 SE (30s)"]
[PlyCount "120"]
[SourceVersionDate "2022.03.28"]

{[%mdl 8192] B11: Caro-Kann: Two Knights Variation} 1. e4 c6 2. Nf3 d5 3. Nc3
Bg4 4. d4 e6 5. Be2 Nf6 (5... Nd7 6. O-O Bb4 7. Ng5 Bxe2 8. Qxe2 Ne7 9. Qd3 h6
10. Nf3 O-O 11. Bd2 Ng6 12. Rfe1 Rc8 13. a3 Ba5 14. Rad1 Re8 15. g3 Nf6 16. e5
Nd7 17. b4 Bc7 18. h4 b6 19. h5 Ngf8 20. Ne2 {Moiseenko,V (2487)-Popov,V (2555)
St Petersburg 2014 0-1 (60)}) 6. Bg5 (6. h3 Bh5 7. exd5 cxd5 8. g4 Bg6 9. Ne5
Nfd7 10. Nxg6 hxg6 11. Bf4 a6 12. a3 Nc6 13. Qd2 Rc8 14. Qe3 Nb6 15. Bd3 Na5
16. Bg5 Qd7 17. Nd1 Nac4 18. Qe2 Be7 19. Bc1 Qd8 20. b3 Nd6 {Martinez
Alcantara,J (2379)-Sagar,S (2339) Badalona 2014 1/2-1/2}) 6... Be7 {White has
a very active position} 7. Qd3 $146 (7. e5 Nfd7 8. Bxe7 Qxe7 9. Qd2 a6 10. b4
Nb6 11. O-O Bxf3 12. Bxf3 Nc4 13. Qd3 Qxb4 14. Rfb1 Qe7 15. a4 O-O 16. h4 Ra7
17. h5 b5 18. Be2 b4 19. Ne4 Na3 20. Nf6+ gxf6 21. Rxa3 fxe5 {Eichner,S (2319)
-Schuster,M (2177) Germany 2004 0-1 (46)}) (7. h3 $5 {looks like a viable
alternative} Bxf3 8. gxf3 $14) 7... dxe4 $11 {Black forks: d3+f3} 8. Nxe4 Bf5
9. Bxf6 gxf6 {Black has the pair of bishops} 10. Qe3 Nd7 {Black has a cramped
position} 11. Bd3 Nb6 12. O-O-O {White has an active position} Nd5 13. Qh6 {
White traps the enemy king in the center} Bg4 $4 {Black is ruining his position
} (13... Qa5 14. a3 $15) 14. Rhe1 $4 {hands over the advantage to the opponent}
(14. Qg7 $142 Rf8 15. Qxg4 $16) 14... f5 {Black threatens to win material:
f5xe4} 15. Ned2 $2 (15. Qg7 $142 $5 {and White is still in the game} Rf8 16.
Neg5 $11) 15... Bf8 $19 16. Qg5 $2 (16. Qh4 $142 Qxh4 17. Nxh4 Bxd1 18. Rxd1
$19) 16... Qxg5 17. Nxg5 Bxd1 18. Kxd1 Be7 (18... Rg8 $142 $5 {keeps an even
firmer grip} 19. h4 h6 20. Nh3 Rxg2 21. Bxf5 $19) 19. Ngf3 Nf6 20. h3 Nd7 21.
Nc4 Kd8 22. Nfe5 Nxe5 23. Nxe5 Rf8 24. f4 (24. g4 fxg4 25. hxg4 h6 $17) 24...
Kc7 25. g4 fxg4 26. hxg4 Rad8 27. c3 f5 $4 {throwing away the advantage} (27...
c5 $142 $19 {and Black can look forward to a comfortable game}) 28. gxf5 exf5
29. Rh1 Bd6 30. Rxh7+ Kc8 (30... Kb8 $5 $11) 31. Nf7 $14 {White threatens to
win material: Nf7xd8} Bxf4 32. Bxf5+ Kb8 33. Bh3 $4 {gives the opponent
counterplay} (33. Nxd8 $142 Rxd8 34. Kc2 $14) 33... Rde8 $17 34. Ne5 $2 (34.
Bf5 $142 $5 $17) 34... Bxe5 $19 35. dxe5 (35. Bd7 Rd8 36. dxe5 Rf2 $19) 35...
Rxe5 36. Kc2 (36. c4 Rf2 37. Rh8+ Kc7 38. Rh7+ Kb6 $19) 36... Rfe8 (36... Re2+
$142 {might be the shorter path} 37. Kb3 Rff2 38. Rh8+ Kc7 39. Kc4 b5+ 40. Kb4
Re4+ 41. Kb3 $19) 37. b4 (37. Kb3 Re2 $19) 37... R8e7 (37... a5 38. Kb3 $19)
38. Rh6 Kc7 39. a4 a6 (39... a5 40. Bf1 $19) 40. a5 (40. Rg6 a5 41. Kb3 axb4
42. Kxb4 Re3 $19) 40... b6 (40... Rg7 41. Bf1 $19) 41. axb6+ $17 Kxb6 42. Rh8 (
42. Rg6 a5 43. bxa5+ Rxa5 $17) 42... Ra7 (42... Re2+ 43. Kb3 $19) 43. Rb8+ $17
Rb7 44. Rh8 (44. Rg8 a5 45. bxa5+ Rxa5 $17) 44... Ree7 (44... Re2+ 45. Kb3 $19)
45. c4 (45. Ra8 Ra7 46. Rb8+ Kc7 47. Rc8+ Kb7 $17) 45... Rh7 (45... a5 46. Kc3
$19) 46. c5+ Kb5 (46... Ka7 $142 47. Rxh7 Rxh7 $17) 47. Rxh7 $4 {further
deteriorates the position} (47. Kb3 $142 Rhf7 48. Bg2 $17) 47... Rxh7 $19 48.
Bf5 Rh4 49. Bd3+ Kxb4 50. Bxa6 Kxc5 51. Bb7 Rh3 52. Bxc6 (52. Ba6 $19 {
otherwise it's curtains at once}) 52... Kxc6 53. Kd2 (53. Kb2 {cannot change
destiny} Kd5 54. Kc1 Rd3 55. Kb2 Kd4 56. Kc2 Rh3 57. Kd2 Rh2+ 58. Kd1 Ke3 59.
Kc1 Kd3 60. Kb1 Kc3 61. Ka1 Kb3 62. Kb1 Rh1#) 53... Kc5 54. Ke1 (54. Ke2 {
cannot undo what has already been done} Kd4 55. Kd2 Rh2+ 56. Kd1 Kd3 57. Ke1
Ra2 58. Kf1 Ke3 59. Kg1 Kf3 60. Kh1 Kg3 61. Kg1 Ra1#) 54... Rh2 55. Kf1 (55.
Kd1 {doesn't change the outcome of the game} Rg2 56. Ke1 Kc4 57. Kd1 Kd3 58.
Kc1 Rh2 59. Kb1 Kc3 60. Ka1 Kb3 61. Kb1 Rh1#) 55... Kd4 (55... Ra2 56. Ke1 Kd4
57. Kd1 Kc4 58. Kc1 Kd3 59. Kb1 Rc2 60. Ka1 Kc3 61. Kb1 Kb3 62. Ka1 Rc1#) 56.
Kg1 (56. Ke1 {does not improve anything} Ra2 57. Kd1 Kd3 58. Ke1 Rc2 59. Kf1
Ke3 60. Kg1 Kf3 61. Kh1 Kg3 62. Kg1 Rc1#) 56... Ra2 57. Kf1 (57. Kh1 {doesn't
get the bull off the ice} Ke4 58. Kg1 Kf3 59. Kh1 Kg3 60. Kg1 Ra1#) 57... Ke3
58. Kg1 Kf3 59. Kh1 Kg3 60. Kg1 Ra1# 0-1